Paroles - Dis-moi que tu m'aimes - Charles Aznavour - Statistiques

Statistiques générales
  • Ce quiz a été pris 9 fois
  • Le résultat moyen est 138 sur 183
Statistiques - réponses
Réponse % Correct
Dis-moi
100%
dis-moi
100%
je
100%
Je
100%
la
100%
le
100%
Ma
100%
m’aimes
100%
me
100%
mes
100%
mon
100%
que
100%
Que
100%
qui
100%
suis
100%
Sur
100%
tu
100%
À
67%
à
67%
accord
67%
âme
67%
au
67%
aubes
67%
aucun
67%
avenir
67%
brûle
67%
changer
67%
Comme
67%
corps
67%
dans
67%
Dans
67%
de
67%
Des
67%
désirs
67%
désordre
67%
dilemme
67%
Dis-le-moi
67%
en
67%
Esclave
67%
est
67%
Et
67%
et
67%
être
67%
font
67%
fort
67%
joies
67%
Jusqu’aux
67%
l’amour
67%
L’amour
67%
l’heure
67%
mains
67%
même
67%
Mettre
67%
mien
67%
Moi
67%
mordre
67%
mourir
67%
Ne
67%
notre
67%
67%
pâles
67%
pénètre
67%
peut
67%
Pour
67%
problème
67%
Quand
67%
quand
67%
qu’aucun
67%
râle
67%
sans
67%
se
67%
sens
67%
si
67%
souffrir
67%
Sous
67%
t’aime
67%
te
67%
Te
67%
tes
67%
ton
67%
un
67%
viens
67%
Viens
67%
brise
33%
chair
33%
chaude
33%
encore
33%
fermer
33%
forte
33%
griffer
33%
jouer
33%
l’enfer
33%
lèvres
33%
livre
33%
m’enflamme
33%
nos
33%
plaisirs
33%
poids
33%
porte
33%
possède
33%
quatre
33%
qu’ivre
33%
reins
33%
rôde
33%
t’enfièvrent
33%
troublent
33%
vibres
33%
Aucun quiz correspondant
Distribution des résultats
% des personnes avec chaque résultat
Percentile par nombre de réponses
Votre historique - résultats
Vous n’avez pas pris ce quiz